000 00821cam a2200277 4500
999 _c129910
_d129910
001 1310306
003 ARRUPE
005 20191016090533.0
008 690718s1969 enk b 001 0 eng
010 _a 77394674
015 _aB69-08847
020 _a0713900865
040 _aDLC
_cDLC
_dDLC
050 0 0 _aB53
_b.K65
082 0 0 _a101
100 1 _aKörner, Stephan,
_d1913-
_948320
245 1 0 _aWhat is philosophy?
_bOne philosopher's answer.
_cStephan Korner
260 _aLondon,
_bAllen Lane,
_c1969.
300 _axiii, 290 p.
_c23 cm.
350 _a50/-
500 _aRev. ed. published as: Fundamental questions of philosophy. 4th ed. 1979.
504 _aBibliography: p. 281-[283]
650 0 _aPhilosophy.
_948321
906 _a7
_bcbc
_corignew
_du
_encip
_f19
_gy-gencatlg
942 _2lcc
_cMONOGRAPH